| 000 | 00571nam a2200217Ia 4500 | ||
|---|---|---|---|
| 005 | 20260429112147.0 | ||
| 008 | 260429s9999||||xx |||||||||||||| ||und|| | ||
| 020 | _a9781119933205 | ||
| 041 | _aEnglish | ||
| 082 |
_a808.5 _bSHE |
||
| 100 | _aShewell, Christina | ||
| 245 | 0 |
_aVoice work art and science in changing voices / _cChristina Shewell |
|
| 250 | _a2nd ed. | ||
| 260 |
_aNew Jersey : _bWiley Blackwell, _c2025. |
||
| 300 | _axiii, 450 p.; pbk | ||
| 650 | _a Art | ||
| 650 | _a Science | ||
| 650 | _aVoice | ||
| 700 | _a Sansom, Rockford | ||
| 942 | _cTB | ||
| 999 |
_c52664 _d52664 |
||